Statistics for Most Visited U.S. States by Canadians

Click here to take the quiz!

General Stats

  • This quiz has been taken 18,807 times
    (18,765 since last reset)
  • The average score is 8 of 10

Answer Stats

Visits State % Correct
3,116,000New York
99%
1,619,000California
97%
3,430,000Florida
94%
2,517,000Washington
93%
753,000Maine
81%
1,336,000Michigan
80%
1,345,000Nevada
64%
864,000Hawaii
64%
688,000Pennsylvania
59%
782,000Arizona
56%

Score Distribution

Percentile by Number Answered

Percent of People with Each Score

Your Score History

You have not taken this quiz since the last reset